TV Show Duos - Statistics

General Stats
  • This quiz has been taken 37 times
  • The average score is 9 of 22
Answer Stats
Actors Show % Correct
McCormack & Messing Will & Grace
79%
Hatcher & Cain Lois & Clark (The New Adventures of Superman)
73%
Williams & Dawber Mork & Mindy
73%
Marshall & Williams Laverne & Shirley
67%
Daly & Gless Cagney & Lacey
61%
Glaser & Soul Starsky & Hutch
58%
Elfman & Gibson Dharma & Greg
55%
Saint James & Curtin Kate & Allie
52%
Gardell & McCarthy Mike & Molly
45%
Foxx & Wilson Sanford & Son
45%
Sprouse & Sprouse (The Suite Life of) Zack & Cody
45%
Ripa & Ford Hope & Faith
36%
Hudson & Saint James McMillan & Wife
36%
Lynch & Marano Austin & Ally
30%
Bell & Peck Drake & Josh
27%
McRaney & Parker Simon & Simon
27%
Nelson & Nelson (The Adventures of) Ozzie & Harriet
27%
Hart & Lawrence Melissa & Joey
21%
Penny & Conrad Jake & the Fatman
18%
Warner & Griffin Malcolm & Eddie
12%
Mulhare & Lange The Ghost & Mrs. Muir
12%
Church & Messing Ned & Stacey
9%
No matching quizzes found
Score Distribution
Percent of People with Each Score
Percentile by Number Answered
Your Score History
You have not taken this quiz